00618nam a2200193Ia 4500003000400000005001700004008004100021020002900062040001700091082001900108100001800127245011700145250001200262260004500274300001700319650003100336650004200367700001500409IIN20240103114638.0231217s9999 xx 000 0 und d cRs.799.00a9789389335651 aIINbEnglish a610.73677bKEA1 aKear, Tamara  aClinical Handbook for Brunner and Suddarth's bTextbook of Medical- Surgical NursingcTamara Kear and S. Madhavi a14th ed bWolters KluweraGurgaon/ New Delhic2019 a"xv, 854 p." aMedical Surgical vNursing aMedical Surgical vClinical Handbook 1 aMadhavi, S